Trouve les musiques faisant partie du top 50 Spotify - Statistiques

Statistiques générales
  • Ce quiz a été pris 192 fois
  • Le résultat moyen est 3 sur 20
Answers on the Grid
Answers color-coded by a green-red scale on the quiz's grid according to % correct below.
Billie Eilish - BIRDS OF A FEATHER
Sabrina Carpenter - Taste
Addison Rae - Diet Pepsi
Ariana Grande - the boy is mine
Sevdaliza - Alibi
Kendrick Lamar - Not Like Us
Chappell Roan - Good Luck, Babe!
Charli xcx - 360
Taylor Swift - Fortnight
Jungle - Back On 74
aespa - Supernova
SZA - Saturn
Eminem - Houdini
Lady Gaga - Die With A Smile
Dua Lipa - Illusion
Doechii - NISSAN ALTIMA
Shaboozey - A Bar Song (Tipsy)
Jimin - Who
The Marías - No One Noticed
Ravyn Lenae - Love Me Not
Kygo - Whatever
Benson Boone - Beautiful Things
Sabrina Carpenter - Juno
Good Neighbours - Home
KATSEYE - Touch
Tommy Richman - MILLION DOLLAR BABY
LISA - Rockstar
Gracie Abrams - That’s So True
Artemas - i like the way you kiss me
OneRepublic - RUNAWAY
Pharrell Williams - Double Life
Charli xcx - Guess (featuring Billie Eilish)
Camila Cabello - I LUV IT
sombr - back to friends
Lola Young - Messy
FloyyMenor - PELIGROSA
Tate McRae - It's ok I'm ok
LE SSERAFIM - CRAZY
ROSÉ - APT.
Future - Like That
 
Statistiques - réponses
Réponse % Correct
Billie Eilish - BIRDS OF A FEATHER
77%
Sabrina Carpenter - Taste
52%
Kendrick Lamar - Not Like Us
38%
Lady Gaga - Die With A Smile
35%
ROSÉ - APT.
22%
Benson Boone - Beautiful Things
15%
Chappell Roan - Good Luck, Babe!
11%
Eminem - Houdini
11%
sombr - back to friends
10%
Taylor Swift - Fortnight
10%
SZA - Saturn
7%
Gracie Abrams - That’s So True
6%
Lola Young - Messy
6%
Shaboozey - A Bar Song (Tipsy)
5%
Artemas - i like the way you kiss me
4%
Charli xcx - Guess (featuring Billie Eilish)
4%
The Marías - No One Noticed
4%
Jimin - Who
2%
Tommy Richman - MILLION DOLLAR BABY
1%
Future - Like That
0%
Aucun quiz correspondant
Distribution des résultats
% des personnes avec chaque résultat
Percentile par nombre de réponses
Votre historique - résultats
Vous n’avez pas pris ce quiz